Apicultura práctica /
Guardado en:
| Autor Principal: | |
|---|---|
| Formato: | Libro |
| Publicado: |
Buenos Aires :
Hemisferio Sur,
2007
|
| Materias: | |
| Etiquetas: |
Agregar Etiqueta
Sin Etiquetas, Sea el primero en etiquetar este registro!
|
| LEADER | 01509nam a22002895a 4500 | ||
|---|---|---|---|
| 001 | CEM.cems017085 | ||
| 005 | 20060706092517.0 | ||
| 008 | 130507s2007##################000#0#####d | ||
| 003 | CEMS | ||
| 020 | |a 9789505043651 | ||
| 082 | 0 | 4 | |a 638.1 |
| 100 | 1 | |a Persano, Aldo L. | |
| 245 | 1 | 0 | |a Apicultura práctica / |c Aldo L. Persano |
| 260 | |a Buenos Aires : |b Hemisferio Sur, |c 2007 | ||
| 300 | |a 297 p. | ||
| 505 | 0 | |a La abeja y la apicultura -- Iniciación apícola -- Revisión primaveral -- Manejo de las colmenas durante la temporada de cosecha -- Revisión otoñal -- Enemigos y depredadores de las abejas -- Enfermedades de las abejas -- Anatomía de la abeja -- Biología de la abeja -- Comunicación y sentidos -- Flora apícola y polinización -- Cría de reinas -- Genética -- Productos y subproductos de la colmena -- Comercialización | |
| 653 | |a Abejas-enfermedades | ||
| 653 | |a Abejas-enemigos | ||
| 653 | |a Abejas-anatomía | ||
| 859 | |a CEMS |b BIB. CEMS - Agricultura |h 638.1 |i P43 |p A0725.08 |t Ej.1 | ||
| 859 | |a CEMS |b BIB. CEMS - Agricultura |h 638.1 |i P43 |p A0726.08 |t Ej.2 | ||
| 859 | |a CEMS |b BIB. CEMS - Agricultura |h 638.1 |i P43 |p A0727.08 |t Ej.3 | ||
| 859 | |a CEMS |b BIB. CEMS - Agricultura |h 638.1 |i P43 |p A0728.08 |t Ej.4 | ||
| 859 | |a CEMS |b BIB. CEMS - Agricultura |h 638.1 |i P43 |p A0729.08 |t Ej.5 | ||
| 859 | |a CEMS |b BIB. CEMS - Agricultura |h 638.1 |i P43 |p A0730.08 |t Ej.6 | ||
| 859 | |a CEMS |b BIB. CEMS - Agricultura |h 638.1 |i P43 |p A0731.08 |t Ej.7 | ||
| 859 | |a CEMS |b BIB. CEMS - Agricultura |h 638.1 |i P43 |p A0782.08 |t Ej.8 | ||
